Literal Animal Names (Etymology) - Statistics

General Stats
  • This quiz has been taken 21 times
  • The average score is 4 of 8
Answer Stats
Meaning Language Answer % Correct
Little Armored One Spanish Armadillo
90%
Needle Whale Old Norse Narwhal
85%
Forest Person Malay Orangutan
70%
Earth Pig Afrikaans Aardvark
60%
Flat-Footed Greek Platypus
35%
Snow Shoveler Mi'kmaq Caribou
15%
Deer Hog Malay Babirusa
5%
Pig Fish Old French Porpoise
0%
No matching quizzes found
Score Distribution
Percent of People with Each Score
Percentile by Number Answered
Your Score History
You have not taken this quiz